000 00594nam a22002537a 4500
003 UA-OsUOA
001 27135
007 ta
008 20040616b un ||||| |||| 00| 0 ukr d
100 _aРомат Е.
090 _a659.1(075)
_bР69
942 _cBK
040 _aUA-OsUOA
_brus
_cUA-OsUOA
_dUA-OsUOA
245 _aРеклама
_bУчебник для вузов
300 _a480 с.
955 _a0
041 _arus
080 _a659.1(075)
020 _a966-7530-12-4
260 _aКиев
_bСтудцентр
_c2000
044 _aRU
650 7 _2UDC
999 _c313476
_d313476